| 000 | 00793nam a22001337a 4500 | ||
|---|---|---|---|
| 008 | 110615t xxu||||| |||| 00| 0 eng d | ||
| 010 | _aCACAF43 | ||
| 245 | _aCourt of Appeal Criminal Appeal No. 125 OF 1999 Audo Lawrence Vs Uganda | ||
| 260 | _c1999 | ||
| 500 | _aCoram: Hon. Lady Justice L.E.M. Mukasa-Kikonyogo,DCJ; Hon. Mr. Justice G.M. Okello, JA ; Hon. Mr. Justice J.P. Berko, JA. | ||
| 500 | _aAppeal from a conviction and sentence of the High Court of Uganda holden at Soroti before Mr. Justice A. Kania, dated the 4th day of November 1999 in Criminal Session Case No. 22 of 1998 | ||
| 999 |
_c2989 _d2989 |
||